Catálogo
 En Linea

Álbum cincuentenario 1962-2012 : (Registro nro. 47833)

Detalles MARC
000 -CABECERA
campo de control de longitud fija 00572nam a2200169 a 4500
001 - NÚMERO DE CONTROL
campo de control 000048345
005 - FECHA Y HORA DE LA ÚLTIMA TRANSACCIÓN
campo de control 20240305120454.0
008 - DATOS DE LONGITUD FIJA--INFORMACIÓN GENERAL
campo de control de longitud fija 190211s2012 dr c r 000 0 spa d
020 ## - NÚMERO INTERNACIONAL ESTÁNDAR DEL LIBRO
Número Internacional Estándar del Libro 9789945415490
040 ## - FUENTE DE LA CATALOGACIÓN
Centro catalogador/agencia de origen DO-SdBNP
Lengua de catalogación spa
Centro/agencia transcriptor BNPHU
082 ## - NÚMERO DE LA CLASIFICACIÓN DECIMAL DEWEY
Número de clasificación xxxx
Número de documento/Ítem S237a
100 1# - ENTRADA PRINCIPAL--NOMBRE DE PERSONA
Nombre de persona Santos, Danilo de los,
Fechas asociadas al nombre 1943-2018
9 (RLIN) 10278
245 10 - MENCIÓN DE TÍTULO
Título Álbum cincuentenario 1962-2012 :
Resto del título Pontificia Universidad Católica Madre y Maestra /
Mención de responsabilidad, etc. Danilo de los Santos.
260 ## - PUBLICACIÓN, DISTRIBUCIÓN, ETC.
Lugar de publicación, distribución, etc. Santo Domingo :
Nombre del editor, distribuidor, etc. Banreservas,
Fecha de publicación, distribución, etc. 2012.
300 ## - DESCRIPCIÓN FÍSICA
Extensión 579 p. :
Otras características físicas retrs. ;
Dimensiones 32 cm.
590 ## - NOTA LOCAL (RLIN)
Nota local Inventariado, 2019 / DG
Existencias
Estado de retiro Estado de pérdida No para préstamo Código de colección Localización permanente Ubicación/localización actual Ubicación en estantería Fecha de adquisición Número de inventario Total de préstamos Signatura topográfica completa Código de barras Fecha visto por última vez Precio válido a partir de Tipo de ítem Koha
    Excluido de préstamo Patrimonio Dominicano Patrimonio Dominicano Patrimonio Dominicano Depósito 11.02.2019 LF1   xxxx S237a 48345-10 25.06.2020 25.06.2020 Libro y Folleto Colección Patrimonio Dominicano

Con tecnología Koha